Statystyki dla Państwa według wzrostu zaludnienia

Kliknij tutaj aby rozwiązać quiz!

Ogólne statystyki

  • Ten quiz został rozwiązany 1,630 razy
  • Średni wynik to 10 z 20

Statystyki odpowiedzi

Wzrost % Wzrost Kraj % poprawnych
569 mlnChiny
98%
771 mlnIndie
96%
121 mlnStany Zjednoczone
92%
112 mlnBrazylia
77%
137 mlnNigeria
72%
71,6 mlnMeksyk
68%
147 mlnIndonezja
67%
152 mlnPakistan
53%
98,5 mlnBangladesz
52%
459%Arabia Saudyjska
41%
3829%Zjednoczone Emiraty Arabskie
38%
69,1 mlnFilipiny
35%
531%Oman
34%
2309%Katar
34%
451%Kuwejt
30%
581%Bahrajn
25%
506%Jordania
19%
499%Dżibuti
10%
363%Wybrzeże Kości Słoniowej
7%
370%Gambia
6%

Rozkład punktacji

Percentyl według liczby udzielonych odpowiedzi

Procent ludzi z każdym wynikiem

Twoja historia wyników

Nie rozwiązałeś tego quizu